Cinco modelos de crecimiento económico /

Bibliographic Details
Main Author: Paz, Pedro
Other Authors: Rodríguez, Octavio
Format: Libro
Language:English
Published: Santiago, Chile ILPES 1973
Subjects:

MARC

LEADER 00000cam a2200000 a 4500
001 034478
003 UAHC_CL
005 20170803123743.0
008 010822b xx j 000 1 eng
040 |a UAHC_CL  |c UAHC_CL  |d UAHC_CL 
082 0 4 |a ILPES 032-1337 
100 1 |a Paz, Pedro 
245 1 0 |a Cinco modelos de crecimiento económico /  |c Pedro Paz, Octavio Rodríguez. 
260 |b ILPES  |c 1973  |a Santiago, Chile 
650 4 |a DESARROLLO ECONOMICO 
700 1 |a Rodríguez, Octavio 
900 |a ILPES 032-1337 
942 |c BK 
952 |0 0  |1 0  |4 0  |6 ILPES_0321337  |7 0  |8 General  |9 65718  |a BC  |b BC  |c General  |d 2017-08-03  |l 0  |o ILPES 032-1337  |p 1335158  |r 2019-12-02 00:00:00  |t 2  |w 2017-08-03  |y BK 
999 |c 34478  |d 34478